000
00249nmm a2200097Ia 4500
008
220120s9999||||xx |||||||||||||||||und||
020
_a
81-7808-836-3
100
_a
JNCASR
245
0
_a
Nanoworld multimedia modules in science
260
_a
JNCASR
_b
Delhi
999
_c
139666
_d
139666